000
00303nam a22001337a 4500
008
170621b xxu||||| |||| 00| 0 eng d
020
_a
9781608712755
041
_a
eng
080
_a
327
100
_a
20
101
_a
SHP
245
_a
THE LOGIC ON AMERICAN POLITICS
_c
KERNELL.S
942
_2
udc
_c
BK
999
_c
18478
_d
18478